000 00994nam a22002417a 4500
001 8541
003 FISKH
005 20250918143127.0
008 250918b cb ||||| |||| 00| 0 eng d
020 _a9781782094456
040 _aFISKH
_beng
_cFISKH
_dFISKH
050 _aQL462.B84
082 _a595.7
100 _aGallagher, Belinda
245 _aMini encyclopedia, bugs /
260 _aEssex :
_bMiles Kelly,
_c2010.
300 _a384 pages :
_bcolor illustrations ;
_c17 cm
520 _aEach of these little books is packed with information, delivering a comprehensive insight into a key subject area in one portable package. Highly illustrated throughout with photographs and artwork, they are a brilliantly handy reference resource. Authoritative text written and checked by experts Fascinating fact boxes Fantastic resource for school projects or homework
650 _aChildren's literature
_vInsects
650 _aReference
_vNon-fiction
942 _2ddc
_cBK
_n0
999 _c8541
_d8541